| 000 | 01206 a2200373 4500 | ||
|---|---|---|---|
| 001 | 77940 | ||
| 003 | TR-AnTOB | ||
| 005 | 20240718143429.0 | ||
| 008 | 100123s2009tu@@@@@@@1turd | ||
| 020 | _a9789944122764 | ||
| 035 | _a77940 | ||
| 040 |
_aTR-AnTOB _cTR-AnTOB |
||
| 041 | 1 |
_atur _hger |
|
| 050 |
_aPT2653.W42 _bZ4819 2009 |
||
| 090 | _aPT2653.W42 Z4819 2009 | ||
| 100 |
_aZweig, Stefan, _d1881-1942 _96931 |
||
| 245 | 0 |
_aDostlarla mektuplaşmalar : _bRilke, Schnitzler, Bahr, Gorki, Freud,Hesse / _cStefan Zweig ; Almancadan çeviren Ahmet Arpad. |
|
| 264 | 1 |
_aİstanbul : _bYordam Kitap, _c2009. |
|
| 300 |
_a368 s.; _c20 cm. |
||
| 336 |
_2rdacontent _atext _btxt |
||
| 337 |
_2rdamedia _aunmediated _bn |
||
| 338 |
_2rdacarrier _avolume _bnc |
||
| 490 | 0 |
_aYordam Kitap ; _v75 |
|
| 500 | _aÖzgün adı: Briefwechsel. | ||
| 600 | 1 | 0 |
_aZweig, Stefan, _d1881-1942. _tCorrespondence _963307 |
| 650 | 7 |
_aYazarlar, Alman _y20. yüzyıl _vYazışma _2etuturkob _963310 |
|
| 650 | 0 |
_aAuthors, German _y20th century _vCorrespondence _963309 |
|
| 700 | 1 |
_aArpad, Ahmet, _d1942- _934009 |
|
| 902 | _a0032602 | ||
| 903 | _aMerkez Kutuphane | ||
| 942 |
_cBK _2lcc |
||
| 945 | _aSB, BS | ||
| 999 |
_c77940 _d22258 |
||